Movies Quiz

Random Movies or Director Quiz
Score 0/30 Timer 07:00
0 Plays Today
% Correct
Woody Allen
93.6%
Steven Spielberg
85.5%
Charlie Chaplin
69.7%
Alfred Hitchcock
68.9%
Ben Affleck
61.7%
Quentin Tarantino
56.8%
James Cameron
46.5%
Francis Ford Coppola
43.6%
Peter Jackson
39.6%
Roman Polanski
33.6%
Christopher Nolan
33.4%
Stanley Kubrick
33.2%
Martin Scorsese
32.8%
Joel & Ethan Coen
31.4%
M. Night Shyamalan
31.1%
% Correct
Akira Kurosawa
30.7%
Tim Burton
26.7%
Kathryn Bigelow
25.6%
Ridley Scott
25.1%
Guillermo del Toro
23.3%
Michael Bay
22.3%
Guy Ritchie
18.5%
Terry Gilliam
17.4%
Federico Fellini
12.9%
Alfonso Cuarón
11.3%
David Cronenberg
10.8%
Sam Raimi
9%
David Lean
7.8%
Zack Snyder
5.3%
Luis Buñuel
3.8%
Remove Ads.
Support Sporcle.
Get the best of Sporcle when you Go Orange. This ad-free experience offers more features, more stats, and more fun while also helping to support Sporcle. Thank you for becoming a member.

You're not logged in!

Compare scores with friends on all Sporcle quizzes.
OR
Log In

Show Comments

Extras

Top Quizzes Today


Score Distribution

Your Account Isn't Verified!

In order to create a playlist on Sporcle, you need to verify the email address you used during registration. Go to your Sporcle Settings to finish the process.

Report this User

Report this user for behavior that violates our Community Guidelines.

Details: